| 000 -LEADER |
| fixed length control field |
00608cam a22001577a 4500 |
| 008 - FIXED-LENGTH DATA ELEMENTS--GENERAL INFORMATION |
| fixed length control field |
180718b2012 xxu||||| |||| 00| 0 eng d |
| 082 ## - DEWEY DECIMAL CLASSIFICATION NUMBER |
| Classification number |
APPPA 2011-12/SUB |
| 100 ## - MAIN ENTRY--PERSONAL NAME |
| Personal name |
Subramanian, G. |
| 245 ## - TITLE STATEMENT |
| Title |
Judicial activitism in India: a study with reference to legislative functions |
| Statement of responsibility, etc. |
by G. Subramanian |
| 260 ## - PUBLICATION, DISTRIBUTION, ETC. |
| Place of publication, distribution, etc. |
New Delhi |
| Name of publisher, distributor, etc. |
Indian Institute of public Administration |
| Date of publication, distribution, etc. |
2012 |
| 300 ## - PHYSICAL DESCRIPTION |
| Extent |
117p. |
| 500 ## - GENERAL NOTE |
| General note |
An APPPA M. Phil dissertation, 2011-12 (Guide: Dr. Lokendra Malik) |
| 650 ## - SUBJECT ADDED ENTRY--TOPICAL TERM |
| Topical term or geographic name entry element |
Law -Political aspects |
| 650 ## - SUBJECT ADDED ENTRY--TOPICAL TERM |
| Topical term or geographic name entry element |
Judicial review -India |
| 650 ## - SUBJECT ADDED ENTRY--TOPICAL TERM |
| Topical term or geographic name entry element |
Political questions and judicial power -India |